000 00664nam a2200241Ia 4500
003 OSt
005 20220918165803.0
006 a|||||r|||| 00| 0
007 ta
008 220917b |||||||| |||| 00| 0 eng d
020 _a8173041911 (hbk)
024 _a156,067
037 _cTextual
040 _aARTS
_cARTS
_beng
041 _2eng
_aeng
082 _aQ4jM97, N9;1
245 0 _aTantric buddhism
_b centennial tribute to Benoytosh Bhattacharyya edited by N.N. Bhattacharyya
260 _aNew Delhi
_bManohat
_c1999
300 _a328p.
_ccm.
650 _aRELIGION
942 _hQ4jM97, N9;1
_cTEXL
_2CC
999 _c131115
_d131115